000 00376nam a2200145Ia 4500
008 100122s9999 xx 000 0 und d
082 _b27232
_a823
100 _aवाड विजया
245 _aअशरण
260 _bहेमचंद्र प्रकाशन
_c1979
300 _a162
630 _aअशरण
730 _aअशरण
942 _cBOOK
999 _c413330
_d413327